[Event "N1 Reykjavik Open 2014"]
[Site "Reykjavik, Iceland"]
[Date "2014.03.05"]
[Round "3.106"]
[White "Szumniak, Jedrzej"]
[Black "Runarsson, Gunnar"]
[Result "0-1"]
[WhiteElo "1618"]
[BlackElo "2048"]
[PlyCount "50"]
[EventDate "2014.03.04"]

1. d4 Nf6 2. c4 g6 3. Nc3 d5 4. Bf4 Bg7 5. e3 O-O 6. cxd5 Nxd5 7. Nxd5 Qxd5 8.
Bxc7 Na6 9. Bg3 Bf5 10. a3 Rac8 11. Nf3 Rc2 12. Bd3 Bxd3 13. Qxd3 Qa5+ 14. Nd2
Rxb2 15. Ke2 e5 16. Rab1 e4 17. Rxb2 exd3+ 18. Kxd3 Qxa3+ 19. Rb3 Nb4+ 20. Ke2
Qa6+ 21. Kf3 Qc6+ 22. Ke2 a5 23. Ra1 b6 24. f3 Re8 25. Raa3 Bxd4 0-1

[Event "N1 Reykjavik Open 2014"]
[Site "Reykjavik, Iceland"]
[Date "2014.03.05"]
[Round "3.107"]
[White "Carlsen, Henrik"]
[Black "Jonsson, Gauti Pall"]
[Result "1-0"]
[WhiteElo "2027"]
[BlackElo "1618"]
[PlyCount "65"]
[EventDate "2014.03.04"]

1. d4 Nf6 2. c4 e6 3. Nc3 Bb4 4. Qc2 c5 5. Nf3 O-O 6. e3 Nc6 7. Bd2 b6 8. Bd3
Bb7 9. O-O d5 10. a3 Bxc3 11. bxc3 Na5 12. cxd5 exd5 13. Ne5 c4 14. Bf5 Nb3 15.
Rad1 Bc8 16. f3 Bxf5 17. Qxf5 Qd6 18. Be1 g6 19. Qh3 Qxa3 20. Bh4 Qd6 21. Bxf6
Qxf6 22. Nd7 Qe7 23. e4 Rfd8 24. Ne5 Qd6 25. Ng4 h5 26. Ne3 Qe6 27. Qg3 a5 28.
Qg5 a4 29. exd5 Qc8 30. g4 h4 31. Nf5 Kf8 32. Qh6+ Ke8 33. Rde1+ 1-0

[Event "N1 Reykjavik Open 2014"]
[Site "Reykjavik, Iceland"]
[Date "2014.03.05"]
[Round "3.108"]
[White "Hansen, Lars-Henrik Bech"]
[Black "Einarsson, Oskar Long"]
[Result "1-0"]
[WhiteElo "2022"]
[BlackElo "1599"]
[PlyCount "41"]
[EventDate "2014.03.04"]

1. e4 c5 2. Nf3 d6 3. d4 Nf6 4. Nc3 cxd4 5. Nxd4 a6 6. Bg5 e6 7. f4 Qb6 8. Qd3
Qxb2 9. Rb1 Qa3 10. f5 Qc5 11. Be3 Qa5 12. fxe6 fxe6 13. Qc4 Qc5 14. Qd3 Qa5
15. Be2 Nxe4 16. Qxe4 Qxc3+ 17. Bd2 d5 18. Bh5+ Kd8 19. Nxe6+ Bxe6 20. Qxe6 Qc8
21. Ba5+ 1-0

[Event "N1 Reykjavik Open 2014"]
[Site "Reykjavik, Iceland"]
[Date "2014.03.05"]
[Round "3.110"]
[White "Maggason, Oskar"]
[Black "Magnusdottir, Veronika Steinun"]
[Result "1-0"]
[WhiteElo "1882"]
[BlackElo "1595"]
[PlyCount "68"]
[EventDate "2014.03.04"]

1. d4 d5 2. c4 c6 3. Nf3 Nf6 4. Nc3 e6 5. e3 Bd6 6. Bd3 dxc4 7. Bxc4 b5 8. Bd3
Nbd7 9. a3 a6 10. b4 O-O 11. Bb2 e5 12. Ne4 Nxe4 13. Bxe4 Qc7 14. Qc2 Nf6 15.
dxe5 Nxe4 16. Qxe4 Be7 17. O-O Be6 18. Rac1 Bc4 19. Rfd1 c5 20. Nd2 cxb4 21.
Nxc4 bxc4 22. Rxc4 Rad8 23. Rxd8 Rxd8 24. h3 Qb8 25. axb4 f6 26. f4 Qb6 27.
exf6 Bxf6 28. Rc6 Qb7 29. Qe6+ Kh8 30. Bxf6 Rd1+ 31. Kh2 gxf6 32. Qxf6+ Kg8 33.
Qe6+ Kf8 34. Rc8+ Kg7 1-0

[Event "N1 Reykjavik Open 2014"]
[Site "Reykjavik, Iceland"]
[Date "2014.03.05"]
[Round "3.111"]
[White "Plantada Siurans, Estanislau"]
[Black "Eliasson, Kristjan Orn"]
[Result "1-0"]
[WhiteElo "1557"]
[BlackElo "1875"]
[PlyCount "97"]
[EventDate "2014.03.04"]

1. e4 d6 2. Nf3 g6 3. Bc4 Bg7 4. O-O Nf6 5. Qe2 O-O 6. h3 Nc6 7. Nc3 e5 8. Nd5
Bd7 9. c3 Na5 10. Bd3 Nh5 11. Bc2 c6 12. Nb4 Nf4 13. Qe3 Nc4 14. Qe1 Qf6 15. d3
Nxg2 16. Kxg2 Bxh3+ 17. Kxh3 Qxf3+ 18. Kh2 Qh5+ 19. Kg3 f5 20. Rh1 f4+ 21. Kg2
Qg4+ 22. Kf1 f3 23. Rh2 Nb6 24. Bd1 h6 25. Nc2 Rf7 26. Ne3 Qd7 27. Qd2 h5 28.
Nf5 gxf5 29. Bxf3 f4 30. Bxh5 Rf6 31. f3 Qe7 32. Qg2 Rh6 33. Bd2 Nd7 34. Be1
Nf6 35. Bg4 Nxg4 36. fxg4 f3 37. Qg3 Qg5 38. Bd2 Rxh2 39. Bxg5 Rh1+ 40. Kf2
Rxa1 41. Qh4 Rxa2 42. Be7 Rxb2+ 43. Kxf3 d5 44. g5 Kf7 45. Bc5 Rh8 46. Qg4
dxe4+ 47. dxe4 Kg6 48. Qf5+ Kh5 49. g6+ 1-0

[Event "N1 Reykjavik Open 2014"]
[Site "Reykjavik, Iceland"]
[Date "2014.03.05"]
[Round "3.112"]
[White "Sjol, Henrik"]
[Black "Steinthorsson, Felix"]
[Result "1-0"]
[WhiteElo "1853"]
[BlackElo "1530"]
[PlyCount "59"]
[EventDate "2014.03.04"]

1. d4 d5 2. Nf3 Nf6 3. Bf4 Bf5 4. e3 e6 5. c4 c6 6. Nc3 Nbd7 7. Qb3 Qb6 8. c5
Qxb3 9. axb3 a6 10. b4 Rc8 11. h3 Be7 12. Nd2 O-O 13. Nb3 Ra8 14. Na5 Ra7 15.
Na4 Bd8 16. Be2 Ne8 17. Bd6 Nxd6 18. cxd6 Bxa5 19. bxa5 f6 20. Nc5 e5 21. g4
Nxc5 22. dxc5 Bd7 23. Ra3 Raa8 24. Rb3 Bc8 25. d7 Bxd7 26. Rxb7 Rfd8 27. Rb6
Rdb8 28. Bxa6 Kf8 29. b4 Ke8 30. Bb7 1-0

[Event "N1 Reykjavik Open 2014"]
[Site "Reykjavik, Iceland"]
[Date "2014.03.05"]
[Round "3.113"]
[White "Sigurvaldason, Hjalmar"]
[Black "Englert, Fred"]
[Result "0-1"]
[WhiteElo "1512"]
[BlackElo "1845"]
[PlyCount "106"]
[EventDate "2014.03.04"]

1. d4 d5 2. c4 c6 3. Nc3 Nf6 4. Nf3 g6 5. e3 Bg7 6. Bd3 O-O 7. O-O Nbd7 8. b3
b6 9. Bb2 Bb7 10. e4 dxe4 11. Nxe4 Nxe4 12. Bxe4 Qc7 13. Qc2 Nf6 14. Bd3 Rad8
15. Rad1 e6 16. Be2 Rfe8 17. Ne5 c5 18. dxc5 Qxc5 19. Rxd8 Rxd8 20. Bf3 Bxf3
21. Nxf3 Qd6 22. h3 Nh5 23. Bxg7 Nxg7 24. Re1 Nf5 25. Re2 Nd4 26. Nxd4 Qxd4 27.
Kf1 Kg7 28. g3 Rd7 29. f4 Qa1+ 30. Kg2 Qd4 31. Qb2 Kf6 32. Qxd4+ Rxd4 33. Kf3
Ke7 34. Ke3 Rd1 35. Ke4 f6 36. Re3 Ra1 37. a4 Rd1 38. Rd3 Rxd3 39. Kxd3 Kd6 40.
Kc3 a5 41. b4 axb4+ 42. Kxb4 e5 43. fxe5+ fxe5 44. c5+ bxc5+ 45. Kc4 e4 46. a5
Kc6 47. a6 Kb6 48. a7 Kxa7 49. g4 Kb6 50. h4 Kc6 51. h5 Kd6 52. hxg6 hxg6 53.
g5 Ke5 0-1

[Event "N1 Reykjavik Open 2014"]
[Site "Reykjavik, Iceland"]
[Date "2014.03.05"]
[Round "3.114"]
[White "Johansen, Arnt-Ole"]
[Black "Birkisson, Bardur Orn"]
[Result "1-0"]
[WhiteElo "1829"]
[BlackElo "1475"]
[PlyCount "49"]
[EventDate "2014.03.04"]

1. Nf3 d5 2. d4 Nf6 3. c4 e6 4. Nc3 c5 5. cxd5 Nxd5 6. e4 Nc7 7. Be3 cxd4 8.
Nxd4 Bc5 9. Be2 O-O 10. O-O b6 11. a3 Bb7 12. b4 Be7 13. Qb3 Bg5 14. f4 Bh6 15.
Rad1 Qe7 16. g3 e5 17. Nf5 Qf6 18. Rd6 Ne6 19. Nd5 Bxd5 20. Qxd5 Nc6 21. Qxc6
Rac8 22. Qd5 Kh8 23. Nxh6 Qxh6 24. Qxe5 Rc2 25. Bg4 1-0

[Event "N1 Reykjavik Open 2014"]
[Site "Reykjavik, Iceland"]
[Date "2014.03.05"]
[Round "3.115"]
[White "Opasiak, Dustin Tennessee"]
[Black "Finnsson, Johann Arnar"]
[Result "1-0"]
[WhiteElo "1812"]
[BlackElo "1471"]
[PlyCount "95"]
[EventDate "2014.03.04"]

1. e4 g6 2. d3 Bg7 3. Nf3 d6 4. g3 Nc6 5. Bg2 Nf6 6. O-O O-O 7. Nbd2 Bd7 8. c3
a5 9. a4 Qc8 10. Re1 Ng4 11. Nc4 e5 12. Ne3 Nxe3 13. Bxe3 f5 14. Ng5 Bh6 15.
exf5 Bxf5 16. d4 Rb8 17. dxe5 Nxe5 18. f4 Bxg5 19. fxe5 Bxe3+ 20. Rxe3 dxe5 21.
Qd5+ Qe6 22. Qxa5 e4 23. Qxc7 Qd5 24. Qb6 Rbd8 25. Rae1 Rfe8 26. Qb4 Rd7 27.
Bxe4 Bxe4 28. Rxe4 Rxe4 29. Qxe4 Qxe4 30. Rxe4 Kf7 31. Kf2 Rd2+ 32. Re2 Rd3 33.
Ke1 Rd5 34. Rd2 Re5+ 35. Kf2 Rf5+ 36. Kg2 Ke7 37. b4 h5 38. h3 g5 39. g4 hxg4
40. hxg4 Rf4 41. Rd4 Rf6 42. c4 Ke6 43. a5 Ke5 44. Rd5+ Kf4 45. Rf5+ Rxf5 46.
gxf5 Kxf5 47. b5 Ke5 48. a6 1-0

[Event "N1 Reykjavik Open 2014"]
[Site "Reykjavik, Iceland"]
[Date "2014.03.05"]
[Round "3.116"]
[White "Fridgeirsson, Dagur Andri"]
[Black "Kravchuk, Mykhaylo"]
[Result "1-0"]
[WhiteElo "1803"]
[BlackElo "1470"]
[PlyCount "73"]
[EventDate "2014.03.04"]

1. d4 Nf6 2. c4 g6 3. Nc3 d6 4. e4 Bg7 5. Be2 O-O 6. Bg5 Nbd7 7. Qc2 b6 8. Nf3
Bb7 9. O-O c5 10. d5 a6 11. h3 Qc7 12. Rad1 Rad8 13. Nh2 h6 14. Be3 Nh7 15. Qd2
h5 16. f4 Bxc3 17. Qxc3 Nhf6 18. Bd3 b5 19. b3 b4 20. Qc2 e5 21. fxe5 dxe5 22.
Bg5 Qd6 23. Qf2 Kg7 24. Rd2 Rde8 25. Qe3 Rh8 26. Rdf2 Nh7 27. Rxf7+ Kg8 28. Bh6
Re7 29. Qf2 Nhf6 30. Rxe7 Qxe7 31. Bg5 Kg7 32. Nf3 Rf8 33. Qe3 Rh8 34. Nh4 a5
35. Qg3 Kh7 36. Bxf6 Nxf6 37. Qxg6# 1-0

[Event "N1 Reykjavik Open 2014"]
[Site "Reykjavik, Iceland"]
[Date "2014.03.05"]
[Round "3.118"]
[White "Tijssens, Rob"]
[Black "Palsdottir, Soley Lind"]
[Result "1-0"]
[WhiteElo "1782"]
[BlackElo "1450"]
[PlyCount "89"]
[EventDate "2014.03.04"]

1. d4 d5 2. c4 e6 3. Nf3 Nf6 4. g3 c6 5. Bg2 Be7 6. Nc3 Nbd7 7. O-O dxc4 8. e4
O-O 9. Be3 b6 10. d5 cxd5 11. exd5 exd5 12. Nxd5 Bb7 13. Nxe7+ Qxe7 14. Qc2
Rac8 15. Rfe1 Qd6 16. Red1 Qc6 17. Nh4 Ne4 18. Bxe4 Qxe4 19. Qxe4 Bxe4 20. Rxd7
c3 21. bxc3 Rxc3 22. Rxa7 Rfc8 23. Ng2 h6 24. h4 Rc2 25. Nf4 b5 26. Ne2 Bd5 27.
Rc1 b4 28. Rxc2 Rxc2 29. Nc1 Rb2 30. Rd7 Bxa2 31. Nxa2 Rxa2 32. Rb7 Rb2 33. Kg2
h5 34. Kf3 b3 35. Ke4 Rb1 36. Kd3 b2 37. Kc2 Ra1 38. Rxb2 Ra4 39. Kd3 g6 40.
Rb8+ Kh7 41. Bd4 g5 42. hxg5 Ra5 43. Bf6 Kg6 44. Rh8 Ra4 45. Rh6+ 1-0

[Event "N1 Reykjavik Open 2014"]
[Site "Reykjavik, Iceland"]
[Date "2014.03.05"]
[Round "3.119"]
[White "Norlander, Svante"]
[Black "Sigurdarson, Alec Elias"]
[Result "1/2-1/2"]
[WhiteElo "1754"]
[BlackElo "1309"]
[PlyCount "102"]
[EventDate "2014.03.04"]

1. e4 e6 2. d4 d5 3. exd5 exd5 4. c4 Nf6 5. Nc3 Bb4 6. a3 Bxc3+ 7. bxc3 O-O 8.
cxd5 Re8+ 9. Be2 Nxd5 10. c4 Nc3 11. Qd3 Ne4 12. Nf3 Bf5 13. Qb3 Nc6 14. Be3 b6
15. O-O Qf6 16. Bd3 h6 17. Qc2 g5 18. Rae1 g4 19. Nd2 Nxd2 20. Qxd2 Bxd3 21.
Qxd3 Rad8 22. d5 Ne5 23. Qc2 h5 24. Rd1 h4 25. Qc1 Qf5 26. Bg5 Rd6 27. Bxh4 Rg6
28. Bg3 Nd3 29. Qc3 Nc5 30. Bxc7 Re2 31. Rde1 Ne4 32. Qd4 Rxe1 33. Rxe1 Nf6 34.
Qf4 Qd3 35. Qc1 Ne4 36. Rd1 Qe2 37. Bg3 Rf6 38. Rf1 Qd3 39. Be5 Rf5 40. Bg3 Rh5
41. Rd1 Nxg3 42. fxg3 Qh7 43. Re1 Kf8 44. Qe3 Rxh2 45. Qe7+ Kg7 46. Qg5+ Kf8
47. Qe7+ Kg7 48. Qe5+ Kf8 49. Kf2 Qc2+ 50. Re2 Qxc4 51. Qe7+ Kg7 1/2-1/2

[Event "N1 Reykjavik Open 2014"]
[Site "Reykjavik, Iceland"]
[Date "2014.03.05"]
[Round "3.122"]
[White "Ragnarsson, Heimir Pall"]
[Black "Gautason, Kristofer"]
[Result "1-0"]
[WhiteElo "1424"]
[BlackElo "1677"]
[PlyCount "65"]
[EventDate "2014.03.04"]

1. c4 b6 2. g3 Bb7 3. Nf3 e5 4. Bg2 e4 5. Nd4 c5 6. Nb3 Qc7 7. O-O Nf6 8. Nc3
d6 9. d3 exd3 10. Bxb7 Qxb7 11. exd3 Be7 12. Re1 O-O 13. Bg5 h6 14. Qe2 Nc6 15.
Bxf6 Bxf6 16. Nd5 Ne5 17. Nxf6+ gxf6 18. Nd2 d5 19. f4 Ng6 20. h4 dxc4 21. dxc4
Kh7 22. h5 Nxf4 23. gxf4 Qd7 24. Kh2 Rfe8 25. Ne4 Qf5 26. Qf3 Rg8 27. Rg1 Rgd8
28. Qg4 Qxg4 29. Rxg4 Rd4 30. Nxf6+ Kh8 31. Rag1 Rd2+ 32. Kh1 Rdd8 33. Rg7 1-0

[Event "N1 Reykjavik Open 2014"]
[Site "Reykjavik, Iceland"]
[Date "2014.03.05"]
[Round "3.125"]
[White "Magnusson, Thorsteinn"]
[Black "Altman, Joshua"]
[Result "0-1"]
[WhiteElo "1234"]
[BlackElo "1650"]
[PlyCount "38"]
[EventDate "2014.03.04"]

1. c4 e5 2. g3 c6 3. Bg2 d5 4. cxd5 cxd5 5. Nf3 Nc6 6. d3 Nge7 7. e4 dxe4 8.
dxe4 Qxd1+ 9. Kxd1 Bg4 10. Ke2 Nd4+ 11. Kd3 Nxf3 12. Ke3 Nd4 13. Kd2 Nec6 14.
a3 Rd8 15. Kc3 b5 16. b4 Ne2+ 17. Kc2 Ncd4+ 18. Kb2 Rc8 19. a4 Bxb4 0-1

[Event "Reykjavik Open 2014"]
[Site "Harpa - reykjavik"]
[Date "2014.03.05"]
[Round "3.1"]
[White "Naiditsch, Arkadij"]
[Black "Ezat, Mohamed"]
[Result "0-1"]
[WhiteElo "2706"]
[BlackElo "2439"]
[Annotator "peturla"]
[PlyCount "76"]
[EventDate "2014.??.??"]
[TimeControl "6000+1300"]
[WhiteClock "0:06:05"]
[BlackClock "0:13:59"]

1. e4 c6 2. Nc3 d5 3. Nf3 dxe4 4. Nxe4 Nf6 5. Nxf6+ exf6 6. Bc4 Bg4 7. O-O Be7
8. h3 Bh5 9. Re1 O-O 10. d4 Bd6 11. g4 Bg6 12. Nh4 Nd7 13. Bb3 Qc7 14. Nxg6
hxg6 15. Qf3 Rfe8 16. Bd2 Nf8 17. h4 Ne6 18. Re4 c5 19. c3 cxd4 20. cxd4 Qd7
21. Rae1 Nc7 22. h5 Rxe4 23. Rxe4 f5 24. hxg6 fxe4 25. Bxf7+ Kf8 26. Qh3 Ne6
27. d5 Nf4 28. Bxf4 Bxf4 29. Be6 Qa4 30. Qh8+ Ke7 31. Qxg7+ Kd6 32. b3 Qb4 33.
Bf5 Qe1+ 34. Kg2 e3 35. Qf6+ Kc5 36. Qe7+ Kb6 37. Qf6+ Ka5 38. b4+ Qxb4 0-1

[Event "Reykjavik Open 2014"]
[Site "Harpa - reykjavik"]
[Date "2014.03.05"]
[Round "3.2"]
[White "Berkes, Ferenc"]
[Black "Norowitz, Yaacov"]
[Result "1-0"]
[LiveChessVersion "1.4.2"]
[BlackElo "2430"]
[WhiteElo "2687"]

1. e4 {[%clk 1:30:55]} c6 {[%clk 1:29:48]} 2. d4 {[%clk 1:31:20]} d5
{[%clk 1:30:13]} 3. e5 {[%clk 1:31:46]} Bf5 {[%clk 1:30:17]} 4. Nf3
{[%clk 1:32:07]} e6 {[%clk 1:30:30]} 5. Be2 {[%clk 1:32:32]} Ne7 {[%clk 1:30:23]}
6. O-O {[%clk 1:32:34]} Bg6 {[%clk 1:27:06]} 7. Nbd2 {[%clk 1:32:46]} Nf5
{[%clk 1:23:45]} 8. Nb3 {[%clk 1:32:49]} Nd7 {[%clk 1:23:03]} 9. a4
{[%clk 1:23:05]} a6 {[%clk 1:18:20]} 10. a5 {[%clk 1:22:51]} c5 {[%clk 1:14:11]}
11. c3 {[%clk 1:19:44]} cxd4 {[%clk 1:05:09]} 12. cxd4 {[%clk 1:20:06]} Rc8
{[%clk 1:02:12]} 13. Ne1 {[%clk 1:19:49]} Nb8 {[%clk 0:56:32]} 14. Bd2
{[%clk 1:17:57]} Nc6 {[%clk 0:55:49]} 15. Bc3 {[%clk 1:18:16]} f6
{[%clk 0:51:12]} 16. Nd3 {[%clk 1:09:34]} fxe5 {[%clk 0:48:57]} 17. dxe5
{[%clk 1:09:47]} Be7 {[%clk 0:45:50]} 18. Nf4 {[%clk 1:05:40]} Qd7
{[%clk 0:38:34]} 19. Bh5 {[%clk 0:43:14]} Bf7 {[%clk 0:34:56]} 20. Bg4
{[%clk 0:39:52]} Nh6 {[%clk 0:25:59]} 21. Bh3 {[%clk 0:40:06]} O-O
{[%clk 0:25:57]} 22. Re1 {[%clk 0:39:46]} g6 {[%clk 0:21:46]} 23. Bd4
{[%clk 0:34:44]} g5 {[%clk 0:19:30]} 24. Nh5 {[%clk 0:34:26]} Bxh5
{[%clk 0:19:39]} 25. Qxh5 {[%clk 0:34:47]} Nf5 {[%clk 0:19:21]} 26. Bb6
{[%clk 0:31:55]} Qe8 {[%clk 0:11:07]} 27. Qe2 {[%clk 0:32:03]} h5
{[%clk 0:11:17]} 28. g3 {[%clk 0:32:25]} g4 {[%clk 0:11:28]} 29. Bg2
{[%clk 0:32:47]} Nb4 {[%clk 0:10:31]} 30. Rac1 {[%clk 0:30:19]} Rxc1
{[%clk 0:07:58]} 31. Rxc1 {[%clk 0:30:18]} Nc6 {[%clk 0:07:45]} 32. h3
{[%clk 0:20:46]} Qg6 {[%clk 0:08:04]} 33. hxg4 {[%clk 0:21:07]} hxg4
{[%clk 0:07:11]} 34. Ra1 {[%clk 0:19:02]} Qg7 {[%clk 0:06:01]} 35. Ra4
{[%clk 0:17:13]} Nxe5 {[%clk 0:04:55]} 36. Nd4 {[%clk 0:15:40]} Qf6
{[%clk 0:04:42]} 37. Nxe6 {[%clk 0:08:13]} Qxe6 {[%clk 0:04:46]} 38. Rxg4+
{[%clk 0:08:38]} Ng7 {[%clk 0:04:11]} 39. Rd4 {[%clk 0:08:58]} Nc6
{[%clk 0:00:49]} 40. Bxd5 {[%clk 0:38:49]} Nxd4 {[%clk 0:31:09]} 41. Bxe6+
{[%clk 0:39:13]} Ndxe6 {[%clk 0:31:15]} 42. Qe4 {[%clk 0:37:42]} 1-0

[Event "Reykjavik Open 2014"]
[Site "Harpa - reykjavik"]
[Date "2014.03.05"]
[Round "3.3"]
[White "Kjartansson, Gudmundur"]
[Black "Rapport, Richard"]
[Result "0-1"]
[LiveChessVersion "1.4.2"]
[BlackElo "2681"]
[WhiteElo "2441"]

1. Nf3 {[%clk 1:30:48]} e6 {[%clk 1:25:48]} 2. g3 {[%clk 1:30:34]} g5
{[%clk 1:25:51]} 3. d4 {[%clk 1:28:58]} g4 {[%clk 1:25:48]} 4. Ne5
{[%clk 1:29:08]} h5 {[%clk 1:26:15]} 5. h3 {[%clk 1:26:09]} d6 {[%clk 1:26:20]}
6. Nd3 {[%clk 1:26:19]} gxh3 {[%clk 1:26:06]} 7. Bxh3 {[%clk 1:26:30]} h4
{[%clk 1:25:14]} 8. g4 {[%clk 1:24:29]} Bg7 {[%clk 1:22:00]} 9. c3
{[%clk 1:22:52]} Nc6 {[%clk 1:21:16]} 10. e4 {[%clk 1:20:41]} e5 {[%clk 1:21:06]}
11. dxe5 {[%clk 1:18:27]} dxe5 {[%clk 1:19:55]} 12. Na3 {[%clk 1:16:39]} Nge7
{[%clk 1:17:53]} 13. Be3 {[%clk 1:14:04]} b6 {[%clk 1:17:51]} 14. Qc2
{[%clk 1:12:17]} Be6 {[%clk 1:17:17]} 15. O-O-O {[%clk 1:09:13]} Qc8
{[%clk 1:16:25]} 16. f3 {[%clk 1:05:59]} a6 {[%clk 0:57:12]} 17. Kb1
{[%clk 0:58:05]} Ng6 {[%clk 0:54:24]} 18. f4 {[%clk 0:49:57]} exf4
{[%clk 0:53:58]} 19. Nxf4 {[%clk 0:50:05]} Nxf4 {[%clk 0:46:26]} 20. Bxf4
{[%clk 0:50:29]} Ne5 {[%clk 0:39:57]} 21. Qe2 {[%clk 0:35:58]} Ng6
{[%clk 0:34:00]} 22. Bh2 {[%clk 0:33:08]} O-O {[%clk 0:32:06]} 23. Nc2
{[%clk 0:31:44]} Qe8 {[%clk 0:31:22]} 24. Nd4 {[%clk 0:30:13]} b5
{[%clk 0:20:48]} 25. Nxe6 {[%clk 0:29:40]} Qxe6 {[%clk 0:19:20]} 26. Bxc7
{[%clk 0:29:56]} Rfe8 {[%clk 0:19:38]} 27. g5 {[%clk 0:23:29]} Qc6
{[%clk 0:20:00]} 28. Ba5 {[%clk 0:22:58]} Nf4 {[%clk 0:16:22]} 29. Qf3
{[%clk 0:22:29]} Nxh3 {[%clk 0:16:49]} 30. Rxh3 {[%clk 0:22:49]} Qxe4+
{[%clk 0:17:16]} 31. Qxe4 {[%clk 0:22:54]} Rxe4 {[%clk 0:17:44]} 32. Rdh1
{[%clk 0:22:22]} Rg4 {[%clk 0:15:40]} 33. Rxh4 {[%clk 0:22:50]} Rxg5
{[%clk 0:16:05]} 34. Bb6 {[%clk 0:21:55]} Re8 {[%clk 0:14:57]} 35. R1h2
{[%clk 0:16:23]} f5 {[%clk 0:14:34]} 36. Bd4 {[%clk 0:16:16]} Rg4
{[%clk 0:14:43]} 37. Rxg4 {[%clk 0:12:30]} fxg4 {[%clk 0:15:03]} 38. Kc2
{[%clk 0:11:53]} Bxd4 {[%clk 0:12:49]} 39. cxd4 {[%clk 0:12:20]} Kf7
{[%clk 0:13:15]} 40. Rg2 {[%clk 0:38:16]} Rg8 {[%clk 0:43:14]} 41. Kd3
{[%clk 0:27:03]} Ke6 {[%clk 0:42:03]} 42. Ke4 {[%clk 0:18:04]} g3
{[%clk 0:42:22]} 43. Kf4 {[%clk 0:17:28]} Kd5 {[%clk 0:42:47]} 44. Ke3
{[%clk 0:17:53]} a5 {[%clk 0:40:56]} 45. Kd3 {[%clk 0:17:40]} b4 {[%clk 0:32:44]}
46. Ke3 {[%clk 0:17:01]} a4 {[%clk 0:32:03]} 47. Kd3 {[%clk 0:09:59]} Rg4
{[%clk 0:30:56]} 48. Ke3 {[%clk 0:10:23]} Re4+ {[%clk 0:27:42]} 49. Kf3
{[%clk 0:10:15]} Rxd4 {[%clk 0:28:07]} 50. Kxg3 {[%clk 0:09:48]} Ke4
{[%clk 0:28:18]} 51. Re2+ {[%clk 0:07:05]} Kd3 {[%clk 0:28:27]} 52. Kf2
{[%clk 0:05:54]} Rc4 {[%clk 0:27:48]} 53. b3 {[%clk 0:03:21]} Rf4+
{[%clk 0:28:13]} 54. Ke1 {[%clk 0:03:46]} Rh4 {[%clk 0:28:40]} 55. Rd2+
{[%clk 0:01:20]} Kc3 {[%clk 0:29:07]} 56. Rg2 {[%clk 0:01:14]} axb3
{[%clk 0:27:57]} 57. Rg3+ {[%clk 0:01:11]} Kb2 {[%clk 0:28:23]} 58. axb3
{[%clk 0:01:36]} Rd4 {[%clk 0:28:46]} 59. Rh3 {[%clk 0:01:03]} Kc2
{[%clk 0:29:08]} 60. Ke2 {[%clk 0:01:21]} Rd2+ {[%clk 0:29:33]} 61. Ke1
{[%clk 0:01:48]} Rd3 {[%clk 0:29:53]} 0-1

[Event "Reykjavik Open 2014"]
[Site "Harpa - reykjavik"]
[Date "2014.03.05"]
[Round "3.4"]
[White "Amin, Bassem"]
[Black "Tania, Sachdev"]
[Result "1-0"]
[WhiteElo "2657"]
[BlackElo "2423"]
[Annotator "peturla"]
[PlyCount "87"]
[EventDate "2014.??.??"]
[TimeControl "6000+1545"]
[WhiteClock "0:41:34"]
[BlackClock "0:33:54"]

1. Nf3 d5 2. g3 Nf6 3. Bg2 Bf5 4. c4 e6 5. Qb3 Qc8 6. cxd5 exd5 7. Nc3 c6 8.
O-O Be7 9. d3 O-O 10. Nd4 Bd7 11. e4 dxe4 12. dxe4 Na6 13. Bf4 Bc5 14. Rfd1 Bg4
15. f3 Be6 16. Qc2 Bh3 17. Na4 Bxd4+ 18. Rxd4 Bxg2 19. Kxg2 Nc7 20. Bxc7 Qxc7
21. Rad1 Rfd8 22. Qd2 Rxd4 23. Qxd4 b6 24. Nc3 Re8 25. b4 h6 26. Qd6 Qxd6 27.
Rxd6 Rc8 28. f4 Kf8 29. Kf3 Ke7 30. Rd4 Nd7 31. Rc4 Kd8 32. e5 c5 33. b5 Nf8
34. f5 Rc7 35. Nd5 Rd7 36. Ke4 g6 37. g4 h5 38. fxg6 fxg6 39. gxh5 gxh5 40. Nf4
Rd2 41. Ra4 Rxh2 42. Rxa7 Nd7 43. e6 Nf6+ 44. Ke5 1-0

[Event "Reykjavik Open 2014"]
[Site "Harpa - reykjavik"]
[Date "2014.03.05"]
[Round "3.5"]
[White "Porper, Edward"]
[Black "Jones, Gawain C B"]
[Result "1/2-1/2"]
[WhiteElo "2427"]
[BlackElo "2651"]
[Annotator "peturla"]
[PlyCount "142"]
[EventDate "2014.??.??"]
[TimeControl "6000+1015"]
[WhiteClock "0:37:58"]
[BlackClock "0:12:05"]

1. d4 d6 2. Nf3 g6 3. c4 Bg7 4. Nc3 Nf6 5. e4 O-O 6. Be2 e5 7. d5 Na6 8. Bg5 h6
9. Bh4 g5 10. Bg3 Nxe4 11. Nxe4 f5 12. Nc3 f4 13. Nd2 fxg3 14. hxg3 Nc5 15.
Nde4 Nxe4 16. Nxe4 Bf5 17. Bd3 g4 18. O-O Qe8 19. Qb3 Qg6 20. Rae1 b6 21. Re3
h5 22. Nd2 Bh6 23. Bxf5 Rxf5 24. Re2 Bxd2 25. Rxd2 Raf8 26. Qe3 h4 27. gxh4 g3
28. Rd3 gxf2+ 29. Kh2 Rf4 30. Qg3 Kh7 31. Qxg6+ Kxg6 32. g3 Rxc4 33. Rd2 e4 34.
Rdxf2 Rxf2+ 35. Rxf2 Rd4 36. Rc2 Rxd5 37. Rxc7 Rd2+ 38. Kh3 e3 39. Re7 e2 40.
Kg4 Rxb2 41. a4 Kf6 42. Re3 Ra2 43. Kf3 Rxa4 44. Rxe2 b5 45. g4 b4 46. Re8 a5
47. g5+ Kf7 48. Rb8 Kg6 49. Rg8+ Kf7 50. Rb8 b3 51. Rxb3 Rxh4 52. Rb7+ Kg6 53.
Rb6 Rd4 54. Ke3 Rd1 55. Ra6 Kxg5 56. Rxa5+ Kf6 57. Ke2 Rd4 58. Ke3 Rd1 59. Ke2
Rh1 60. Kd3 Ke6 61. Rb5 Rd1+ 62. Ke2 Rh1 63. Kd3 d5 64. Rb8 Rd1+ 65. Ke2 Ra1
66. Kd3 Ra3+ 67. Kd4 Ra4+ 68. Kd3 Kd6 69. Rd8+ Kc6 70. Rc8+ Kd7 71. Rh8 Kd6
1/2-1/2

[Event "Reykjavik Open 2014"]
[Site "Harpa - reykjavik"]
[Date "2014.03.05"]
[Round "3.6"]
[White "Kobalia, Mikhail"]
[Black "Karavade, Eesha"]
[Result "1-0"]
[WhiteElo "2646"]
[BlackElo "2408"]
[Annotator "peturla"]
[PlyCount "165"]
[EventDate "2014.??.??"]
[TimeControl "6000+1175"]
[WhiteClock "0:09:03"]
[BlackClock "0:08:05"]

1. e4 c5 2. Nf3 d6 3. d4 cxd4 4. Nxd4 Nf6 5. Nc3 a6 6. Be3 Ng4 7. Bc1 Nf6 8.
Be3 Ng4 9. Bg5 h6 10. Bh4 g5 11. Bg3 Bg7 12. h3 Ne5 13. f3 Nbc6 14. Bf2 Be6 15.
Qd2 Rc8 16. O-O-O Qa5 17. Kb1 Nxd4 18. Bxd4 b5 19. Nd5 Qxd2 20. Rxd2 Bxd5 21.
exd5 O-O 22. h4 Bf6 23. hxg5 hxg5 24. Rh5 Nc4 25. Rd1 Ne5 26. Be3 Kg7 27. Bxg5
Bxg5 28. Rxg5+ Kf6 29. f4 Rh8 30. Be2 Rh4 31. g4 Rh2 32. Re1 Ng6 33. Bd3 Rch8
34. a4 bxa4 35. Re4 Rf2 36. Rxa4 a5 37. b3 Rh3 38. Rf5+ Kg7 39. Rg5 Kh6 40. Rf5
Kg7 41. Bb5 Rhh2 42. Rc4 Rhg2 43. Be8 f6 44. g5 fxg5 45. Rxg5 Rxg5 46. fxg5 Rf5
47. Bc6 Nf4 48. Re4 Nxd5 49. Bxd5 Rxd5 50. Rxe7+ Kg6 51. c4 Rd4 52. Ra7 Kxg5
53. Rxa5+ Kf6 54. Kc2 Ke7 55. Rd5 Rh4 56. Kc3 Kd7 57. Kb4 Kc6 58. Rg5 Rh1 59.
Ra5 Kb6 60. Ra8 Kb7 61. Rg8 Kb6 62. Rg6 Kc6 63. Rg2 Kb6 64. Ra2 Rh4 65. Rd2 Kc6
66. Ka5 Rh1 67. Ka4 Ra1+ 68. Kb4 Rh1 69. Kc3 Rh3+ 70. Rd3 Rh1 71. b4 Rh4 72.
b5+ Kc7 73. Rg3 Kb6 74. Rg8 Kc7 75. Rg7+ Kc8 76. b6 Rf4 77. Rc7+ Kd8 78. Kb4 d5
79. Kb5 dxc4 80. Rc5 Kd7 81. Rc7+ Kd6 82. Rc6+ Kd7 83. b7 1-0